000 00752nam a22002177a 4500
005 20081021094436.0
008 081021t xxu||||| |||| 00| 0 eng d
010 _aENG-84119
020 _a8170999863
020 _c895.00 (hb)
035 _aEN-67652
082 _a333.715
245 _aNatural respurce management /
_cedited by B W Pandey
260 _aNew Delhi
_bMittal Publications
260 _c2005
300 _axxv,465p
_c23cm
500 _aIncludes bibliographical references and index
700 _aPandey, B W
942 _2ddc
_cEN
_h333.715
_mNAT
999 _c17085
_d17085